History Quiz

Random History or Famous Quiz

Famous Wars Quiz Stats

 Plays Quiz Updated Nov 21, 2014

Score 0/40 Timer 10:00
32 Plays Today
Years War % Correct
1914 AD – 1918 ADWorld War I
95.8%
1939 AD – 1945 ADWorld War II
95.7%
1959 AD – 1975 ADVietnam War
83%
2003 AD – 2011 ADIraq War
82.5%
1950 AD – 1953 ADKorean War
74.3%
1990 AD – 1991 ADGulf War
71.8%
1861 AD – 1865 ADAmerican Civil War
66.4%
1775 AD – 1783 ADAmerican Revolutionary War
60.9%
1337 AD – 1453 ADHundred Years' War
57%
1812 AD – 1815 ADWar of 1812
52.8%
1756 AD – 1763 ADSeven Years War (French & Indian)
47.8%
1792 AD – 1802 ADFrench Revolutionary Wars
47.7%
1803 AD – 1815 ADNapoleonic Wars
42.3%
1096 AD – 1291 ADCrusades
39%
1453 AD – 1487 ADWars of the Roses
36%
1936 AD - 1939 ADSpanish Civil War
35.4%
264 BC – 146 BCPunic Wars
30.9%
1853 AD – 1856 ADCrimean War
30.1%
1618 AD – 1648 ADThirty Years' War
28.9%
1967Six Day War
27.4%
Years War % Correct
1917 AD – 1921 ADRussian Civil War
27.1%
1899 AD - 1902 ADAnglo-Boer War
26.6%
1642 AD - 1651 ADEnglish Civil Wars
26.5%
1982 ADFalklands War
25.2%
1991 AD - 1995 ADYugoslav Wars
25.1%
1810 AD – 1821 ADMexican War of Independence
25%
1870 AD – 1871 ADFranco-Prussian War
24.7%
1980 AD - 1988 ADIran-Iraq War
22.6%
431 BC – 404 BCPeloponnesian War
19.7%
1701 AD - 1714 ADWar of Spanish Succession
16.6%
1740 AD - 1748 ADWar of Austrian Succession
11.7%
1301 AD – 1453 ADByzantine-Ottoman Wars
11.4%
1946 AD - 1954 ADFirst Indochinese War
10.8%
1866 ADSeven Weeks War
8.6%
1700 AD - 1721 ADGreat Northern War
6.4%
280 BC - 275 BCPyrrhic War
6%
1808 AD - 1814 ADPeninsular War
5.7%
480 BC – 307 BCSicilian Wars
5.7%
1864 AD - 1870 ADWar of the Triple Alliance
4.8%
1718 AD - 1720 ADWar of Quadruple Alliance
4.3%

You're not logged in!

Compare scores with friends on all Sporcle quizzes.
OR
Log In

Sporcle TV

Today on Sporcle TV


Watch our educational content, quiz creation guides, and fun videos on Sporcle TV.

Show Comments

Extras

Top Quizzes Today


Score Distribution

Your Account Isn't Verified!

In order to create a playlist on Sporcle, you need to verify the email address you used during registration. Go to your Sporcle Settings to finish the process.

Report this User

Report this user for behavior that violates our Community Guidelines.

Details: